000 00770nam a22002537a 4500
001 BR2016001764
003 BR-BrBNA
005 20230928104846.0
007 ta
008 230509b bl.||||| |||| 00| 0 por d
040 _aBR-BrBNA
_bpor
_cBiblioteca Nacional de Agricultura
041 _a(Por)
072 _aE20
090 _ E20 BR2016001764
110 1 _aCompanhia de Seguros do Estado de São Paulo, SP (Brasil). Depto de Seguro Rural
_92416
245 1 _aSeguro agrícola Estado da Bahia
_bPlanilha Técnica 009/2003. Proc. Susep Nº 10.002914/00-04
260 3 _aSão Paulo, SP (Brasil):
_c2003.
300 _a10 p.
650 _aSEGURO RURAL
650 _aBAHIA
650 _aPRODUÇÃO VEGETAL
909 _a202309
_bLucia
_c55
_dLucia Elande
942 _cBK
999 _c82123
_d82123